Flags with Stars - Statistics

General Stats
  • This quiz has been taken 42 times
  • The average score is 39 of 70
Answer Stats
Countries % Correct
USA
100%
Australia
88%
New Zealand
88%
Tunisia
83%
Algeria
79%
China
79%
Turkey
79%
Brazil
75%
Morocco
75%
Pakistan
75%
Vietnam
75%
Somalia
71%
Burma
67%
Chile
67%
Cuba
67%
Israel
67%
Syria
67%
Central African Republic
63%
Ghana
63%
Jordan
63%
Libya
63%
Mauritania
63%
Samoa
63%
Turkmenistan
63%
Federated States of Micronesia
58%
Guinea-Bissau
58%
Liberia
58%
North Korea
58%
Senegal
58%
South Sudan
58%
Tuvalu
58%
Burkina Faso
54%
Burundi
54%
Ethiopia
54%
Papua New Guinea
54%
Tajikistan
54%
Uzbekistan
54%
Angola
50%
Azerbaijan
50%
Cameroon
50%
Djibouti
50%
D R Congo
50%
East Timor
50%
Equatorial Guinea
50%
Malaysia
50%
Nauru
50%
Sao Tome and Principe
50%
Singapore
50%
Solomon Islands
50%
Cape Verde
46%
Honduras
46%
Marshall Islands
46%
Togo
46%
Dominica
42%
Mozambique
42%
Panama
42%
Philippines
42%
Suriname
42%
Venezuela
42%
Zimbabwe
42%
Comoros
38%
Kosovo
38%
Paraguay
38%
Bosnia and Herzegovina
33%
Grenada
33%
Nepal
33%
St Kitts and Nevis
29%
El Salvador
25%
Moldova
25%
Slovenia
17%
No matching quizzes found
Score Distribution
Percent of People with Each Score
Percentile by Number Answered
Your Score History
You have not taken this quiz